ELEMENTS OF FASHION & APPAREL DESIGN (Record no. 9919)

MARC details
000 -LEADER
fixed length control field 00353nam a22001577a 4500
003 - CONTROL NUMBER IDENTIFIER
control field SGT
020 ## - INTERNATIONAL STANDARD BOOK NUMBER
International Standard Book Number 978-8122-4-1371-7
082 ## - DEWEY DECIMAL CLASSIFICATION NUMBER
Classification number 746.92,SUM
100 ## - MAIN ENTRY--PERSONAL NAME
Personal name SUMATHI,G.J
245 ## - TITLE STATEMENT
Title ELEMENTS OF FASHION & APPAREL DESIGN
250 ## - EDITION STATEMENT
Edition statement 1ST
260 ## - PUBLICATION, DISTRIBUTION, ETC. (IMPRINT)
Place of publication, distribution, etc DELHI
Name of publisher, distributor, etc NEW AGE INTERNATIONAL
Year of Publication 2015
300 ## - PAGE DESCRIPTION
No. of Pages 217
650 ## - SUBJECT ADDED ENTRY--TOPICAL TERM
Topical term or geographic name as entry element FASHION
942 ## - ADDED ENTRY ELEMENTS (KOHA)
Source of classification or shelving scheme Dewey Decimal Classification
Koha item type Books
942 ## - ADDED ENTRY ELEMENTS (KOHA)
-- 1
Holdings
Withdrawn status Lost status Source of classification or shelving scheme Damaged status Not for loan Home library Current library Shelving location Date acquired Vendor Name Cost, normal purchase price SGTU Bill Number Total Checkouts Full call number Accession No. (Barcode) Date last seen Date last borrowed Bill Date Koha item type
    Dewey Decimal Classification     SGT Science & Social Sciences Library SGT Science & Social Sciences Library Text Book 17/09/2016 AHUJA BOOKS COMPANY 225.00 SGTU 7131 4 746.92,SUM FF4 27/10/2025 25/01/2025 17/09/2016 Books
    Dewey Decimal Classification     SGT Science & Social Sciences Library SGT Science & Social Sciences Library Text Book 17/09/2016 AHUJA BOOKS COMPANY 225.00 SGTU 7131 4 746.92,SUM FF5 22/11/2019 21/11/2019 17/09/2016 Books
    Dewey Decimal Classification     SGT Science & Social Sciences Library SGT Science & Social Sciences Library Text Book 17/09/2016 AHUJA BOOKS COMPANY 225.00 SGTU 7131 1 746.92,SUM FF6 13/03/2018 26/02/2018 17/09/2016 Books
    Dewey Decimal Classification     SGT Science & Social Sciences Library SGT Science & Social Sciences Library Text Book 17/09/2016 AHUJA BOOKS COMPANY 225.00 SGTU 7131 2 746.92,SUM FF7 25/04/2018 17/04/2018 17/09/2016 Books
    Dewey Decimal Classification     SGT Science & Social Sciences Library SGT Science & Social Sciences Library Text Book 17/09/2016 AHUJA BOOKS COMPANY 225.00 SGTU 7131 1 746.92,SUM FF8 04/04/2018 29/03/2018 17/09/2016 Books
    Dewey Decimal Classification     SGT Science & Social Sciences Library SGT Science & Social Sciences Library Text Book 17/09/2016 AHUJA BOOKS COMPANY 225.00 SGTU 7131 2 746.92,SUM FF9 01/12/2020 02/03/2020 17/09/2016 Books
    Dewey Decimal Classification     SGT Science & Social Sciences Library SGT Science & Social Sciences Library Text Book 17/09/2016 AHUJA BOOKS COMPANY 225.00 SGTU 7131 2 746.92,SUM FF10 13/03/2018 26/02/2018 17/09/2016 Books
    Dewey Decimal Classification     SGT Science & Social Sciences Library SGT Science & Social Sciences Library Text Book 17/09/2016 AHUJA BOOKS COMPANY 225.00 SGTU 7131 2 746.92,SUM FF11 27/03/2018 13/03/2018 17/09/2016 Books